000 00478nam a2200181Ia 4500
003 GCL
008 140319s9999 xx 000 0 eng d
020 _a1857432258
040 _aGCL /
_cGCL
082 0 4 _aREF
_b920.72
_bE I
245 1 0 _aINTERNATIONAL WHO'S WHO WOMEN 2004
260 _aانجلترا :
_bEUROPA PUBLICATIONS LIMITED ،
_c2004
300 _a32 CM ؛
_c765 P
650 0 4 _aWOMEN
650 0 4 _aBIOGRAPHIES
650 0 4 _aWOMEN - BIOGRAPHIES
942 _2ddc
_cREF
999 _c5883
_d5883